Avinyonet del Penedès : el colomar de l'Arboçar el colomar de l'Arboçar
Publicado:
Barcelona :
Diputació de Barcelona. Àrea de Territori i Sostenibilitat. Gerència de Serveis d'Equipaments, Infraestructures Urbanes i Patrimoni Arquitectònic. Servei de Patrimoni Arquitectònic Local ,
2013
Descripción Física:
1 tríptic : il. ; 21 cm
MARC
| LEADER | 00000nam a2200000Ia 4500 | ||
|---|---|---|---|
| 001 | 24104 | ||
| 008 | 160829s2013 xx 000 0 cat d | ||
| 080 | |a FU-64-48 | ||
| 245 | |a Avinyonet del Penedès : |b el colomar de l'Arboçar | ||
| 260 | |a Barcelona : |b Diputació de Barcelona. Àrea de Territori i Sostenibilitat. Gerència de Serveis d'Equipaments, Infraestructures Urbanes i Patrimoni Arquitectònic. Servei de Patrimoni Arquitectònic Local, |c 2013 | ||
| 300 | |a 1 tríptic : |b il. ; |c 21 cm | ||
| 650 | |a Colomars |x Catalunya |x Avinyonet del Penedès |x Conservació i restauració |9 49439 | ||
| 710 | |a Barcelona (Catalunya : Província). |b Servei de Patrimoni Arquitectònic Local |9 19202 | ||
| 710 | 1 | |a Avinyonet del Penedès (Catalunya). |b Ajuntament |9 51381 | |
| 901 | |a Arxiu | ||
| 942 | |n 1 | ||
| 952 | |0 0 |1 0 |4 0 |6 FU6448 |7 1 |9 55330 |a Arxiu |b Arxiu |d 2016-12-01 |l 0 |o FU-64-48 |p 24104 |r 2016-12-01 00:00:00 |w 2016-12-01 |y ARXIU | ||
| 999 | |c 59203 |d 59203 | ||